| 000 | 00433nam a2200169Ia 4500 | ||
|---|---|---|---|
| 008 | 230917s9999||||xx |||||||||||||| ||und|| | ||
| 020 | _cRS175 | ||
| 040 |
_e25303 _aMAIN |
||
| 041 | _aEnglish | ||
| 082 | _a658.3 M311P | ||
| 100 | _aMamoria, C B | ||
| 245 | 0 | _aPersonnel management: Management of human resources | |
| 250 | _a5th ed. | ||
| 260 |
_aBombay _bHimalaya Publishing House _c1987 |
||
| 300 | _axx, 974 p. | ||
| 942 | _cBK | ||
| 999 |
_c63987 _d63987 |
||